logo

Bir Sreshtho Munshi Abdur Rouf Library
Jhenaidah Cadet College

The Facts On File : (Record no. 4457)

MARC details
000 -LEADER
fixed length control field 00730nam a2200253 a 4500
001 - CONTROL NUMBER
JCCL Control Number 4457
003 - CONTROL NUMBER IDENTIFIER
JCCL marc code BD-JhCC
005 - DATE AND TIME OF LATEST TRANSACTION
control field 20171128125709.0
008 - FIXED-LENGTH DATA ELEMENTS--GENERAL INFORMATION
fixed length control field 171127s1989 as |||| ||a| 00| 0 eng d
020 ## - INTERNATIONAL STANDARD BOOK NUMBER
International Standard Book Number 0816018235
035 ## - SYSTEM CONTROL NUMBER
system control number (BD-JhCC)4457
040 ## - CATALOGING SOURCE
Original cataloging agency BD-JhCC
Modifying agency BD-JhCC
041 ## - LANGUAGE CODE
Language code of Book eng
082 ## - DEWEY DECIMAL CLASSIFICATION NUMBER
Classification number 355.003
Author mark and Year SHA 1989
100 ## - MAIN ENTRY--PERSONAL NAME
Personal name Shafritz, Jay M.
245 ## - TITLE STATEMENT
Title The Facts On File :
Remainder of title Dictionary Of Mioitary Science /
Statement of responsibility, etc Jay M. Shafritz; Todd J. A. Shafritz and David B . Robertson.
260 ## - PUBLICATION, DISTRIBUTION, ETC. (IMPRINT)
Place of publication, distribution, etc New York :
Name of publisher, distributor, etc Facts On File,
Date of publication, distribution, etc 1989.
300 ## - PHYSICAL DESCRIPTION
Pagination 498 p. :
Dimensions 23 cm.
650 ## - SUBJECT ADDED ENTRY--TOPICAL TERM
Topical term or geographic name as entry element Military art and Science
700 ## - ADDED ENTRY--PERSONAL NAME
Personal name Shafritz, Todd J. A.
700 ## - ADDED ENTRY--PERSONAL NAME
Personal name Robertson, David B .
942 ## - ADDED ENTRY ELEMENTS (KOHA)
Source of classification or shelving scheme Dewey Decimal Classification
Koha item type Books
Holdings
Source of classification or shelving scheme Damaged status Not for loan Home library Current library Shelving location Date of accession Total Checkouts Full call number Barcode Date last seen Copy number Koha item type
Dewey Decimal Classification     JCC Rouf Library JCC Rouf Library General Stacks 11/27/2017   355.003 SHA 1989 5959 11/27/2017 C-1 Books

JCC Library | Contacts | JCC Home

Last Update on 23 September 2017
Copyright @ 2017-2020 JCC Rouf Library
Rouf Library, Jhenidah Cadet College (JCC), Bangladesh